| 000 | 00339nam a22001217a 4500 | ||
|---|---|---|---|
| 008 | 160421b xxu||||| |||| 00| 0 eng d | ||
| 020 | _a9780781766951 | ||
| 020 | _a0781766958 | ||
| 041 | _aeng | ||
| 080 | _a618.2 | ||
| 245 |
_aTextbook of medical surgical nursing; _cSuzanne C. Smeltzer; Brenda G. Bare; Janice L. Hinkle; |
||
| 942 |
_2udc _cBK |
||
| 999 |
_c1488 _d1488 |
||